000 00463nam a2200181Ia 4500
001 9511
005 20260306161723.0
008 260306t1993||||xx |||||||||||||| ||spa||
041 _aESP
082 _a379.85
_bM88
100 _aSantillana Sánchez, María Isabel [ed.]
_eAUT
245 0 _aCalidad de la educación en medio de la pobreza
260 _c1993
300 _a101 páginas :
_c28 cm.
650 _aGEN
654 _aCED
942 _cLIB
_dJUS
_fJUS
_2ddc
_n
999 _c9511
_d9511